Financial policy, 1939-45 / (Record no. 3266)
[ view plain ]
| 000 -LEADER | |
|---|---|
| fixed length control field | 00974cam a2200313K 4500 |
| 001 - CONTROL NUMBER | |
| control field | 3266 |
| 003 - CONTROL NUMBER IDENTIFIER | |
| rucl marc code | MCM |
| 005 - DATE AND TIME OF LATEST TRANSACTION | |
| control field | 20211208233713.0 |
| 008 - FIXED-LENGTH DATA ELEMENTS--GENERAL INFORMATION | |
| fixed length control field | 131218s1956 xx b 000 0 eng d |
| 035 ## - SYSTEM CONTROL NUMBER | |
| System control number | MITb10892033 |
| System control number | (OCoLC)00284238 |
| 040 ## - CATALOGING SOURCE | |
| Original cataloging agency | WSU |
| Transcribing agency | WSU |
| Modifying agency | OCL |
| -- | UKM |
| -- | MYG |
| Language of cataloging | eng |
| 041 ## - LANGUAGE CODE | |
| Language code of text/sound track or separate title | eng |
| 082 04 - DEWEY DECIMAL CLASSIFICATION NUMBER | |
| Classification number | 332.0941 |
| Edition number | 18 |
| Author mark and year | SAF |
| 090 ## - LOCALLY ASSIGNED LC-TYPE CALL NUMBER (OCLC); LOCAL CALL NUMBER (OCLC) | |
| Classification number (OCLC) (R) ; Classification number, CALL (RLIN) (NR) | HJ1023 |
| Local cutter number (OCLC) ; Book number/undivided call number, CALL (RLIN) | .S2 1956 |
| 100 1# - MAIN ENTRY--PERSONAL NAME | |
| Personal name | Sayers, R. S. |
| Fuller form of name | (Richard Sidney), |
| Dates associated with a name | 1908-1989. |
| 9 (RLIN) | 7833 |
| 245 10 - TITLE STATEMENT | |
| Title | Financial policy, 1939-45 / |
| 260 ## - PUBLICATION, DISTRIBUTION, ETC. (IMPRINT) | |
| Name of publisher, distributor, etc. | H.M. Stationery Off., |
| Date of publication, distribution, etc. | 1956. |
| 300 ## - PHYSICAL DESCRIPTION | |
| Pagination | 608 p. |
| 490 1# - SERIES STATEMENT | |
| Series statement | History of the Second World War. United Kingdom civil series |
| 504 ## - BIBLIOGRAPHY, ETC. NOTE | |
| Bibliography, etc | Bibliographical footnotes. |
| 650 #0 - SUBJECT ADDED ENTRY--TOPICAL TERM | |
| Topical term or geographic name as entry element | Finance, Public |
| Geographic subdivision | Great Britain |
| General subdivision | History |
| Chronological subdivision | 1918-1945. |
| 9 (RLIN) | 10317 |
| Topical term or geographic name as entry element | World War, 1939-1945 |
| General subdivision | Economic aspects |
| Geographic subdivision | Great Britain. |
| 9 (RLIN) | 10318 |
| 830 #0 - SERIES ADDED ENTRY--UNIFORM TITLE | |
| Uniform title | History of the Second World War. |
| 942 ## - ADDED ENTRY ELEMENTS (KOHA) | |
| Source of classification or shelving scheme | Dewey Decimal Classification |
| Koha item type | Books |
| 946 ## - LOCAL PROCESSING INFORMATION (OCLC) | |
| a | t |
| 949 ## - LOCAL PROCESSING INFORMATION (OCLC) | |
| a | c |
| p | 39080020360795 |
| Lost status | Source of classification or shelving scheme | Damaged status | Not for loan | Collection code | Permanent Location | Current Location | Shelving location | Date acquired | Source of acquisition | Cost, normal purchase price | Total Checkouts | Full call number | Date last seen | Copy number | Koha item type |
|---|---|---|---|---|---|---|---|---|---|---|---|---|---|---|---|
| Dewey Decimal Classification | Not For Loan | Non-fiction | Central Library, University of Rajshahi | Central Library, University of Rajshahi | 20/10/1962 | Zettibger | 37.60 | 332.0941 SAF 1956 | 18/12/2013 | C-1 | Books | ||||
| Dewey Decimal Classification | Non-fiction | Central Library, University of Rajshahi | Central Library, University of Rajshahi | 20/10/1962 | Zeitlinger | 37.60 | 332.0941 SAF 1956 | 01/08/2016 | C-2 | Books |